000 00461nam a2200193Ia 4500
005 20240823030651.0
008 240823s9999||||xx |||||||||||||| ||und||
020 _a978-81-8052-277-2
041 _aENGLISH
082 _A547.7 P9
100 _aAhluwalia V K
245 0 _aTerpenoids
250 _a1st
260 _c2009
_b"Ane Books,New "
_aNew Delhi
500 _aTRANSFERED
650 _aTerpenoids
_bBio Medical Engg.
942 _cBK
999 _c189238
_d189238